Sliced Movies III Quiz Stats

 Plays Quiz Updated Mar 6, 2016

Also try: Sliced Movies II
Challenge
Share
Tweet
Score 0/22 Timer 06:00
0 Plays Today
% Correct
Ted
97.3%
The Martian
92.2%
I Am Legend
84.6%
The Hunger Games: Mockingjay – Part 1
74.9%
The Mummy
72.2%
The Grand Budapest Hotel
69.5%
Juno
67.9%
The Girl with the Dragon Tattoo
63.4%
The Terminal
62%
Bad Teacher
59.6%
The Hobbit: The Desolation of Smaug
59.4%
% Correct
The Exorcist
54.4%
The Matrix Reloaded
51.2%
Lucy
44%
Snatch
43.8%
Goldfinger
43.2%
Oz the Great and Powerful
39.9%
Poltergeist
36.8%
American Beauty
27.9%
Moneyball
25.2%
Resident Evil: Afterlife
20.1%
Gangster Squad
14.7%

You're not logged in!

Compare scores with friends on all Sporcle quizzes.
OR
Log In

You Might Also Like...

Show Comments

Extras

Top Quizzes Today


Score Distribution

Your Account Isn't Verified!

In order to create a playlist on Sporcle, you need to verify the email address you used during registration. Go to your Sporcle Settings to finish the process.

Report this User

Report this user for behavior that violates our Community Guidelines.

Details: